| 000 | 00945nam a22002417a 4500 | ||
|---|---|---|---|
| 999 |
_c13172 _d13172 |
||
| 003 | AR-CdUCM | ||
| 008 | 190411b ||||| |||| 00| 0 spa d | ||
| 020 | _a978-607-404-969-5 | ||
| 040 |
_aMUNICIPALIDAD PROVINCIAL DEL CUSCO _cBIBLIOTECA MUNICIPAL DEL CUSCO |
||
| 082 |
_aES / 372.808 / _bH59 |
||
| 110 |
_aMiles Kelly Publishing Ltd. _931341 |
||
| 245 | _a50 Historias Espeluznantes / | ||
| 260 |
_aMéxico : _bSilver Dolphin ; _c2014. |
||
| 300 |
_a512 páginas ; _bIlustraciones _c22cm |
||
| 505 | _aContenido: Brujas horribles y malvados hechiceros -- Actos osados y rescates temerarios -- Pequeños villanos y monstruos maléficos -- Mal agüero y muerte -- Bestias temibles | ||
| 650 |
_aHistorias _9862 |
||
| 650 |
_aBrujas _931403 |
||
| 650 |
_aEducación primaria _91561 |
||
| 700 |
_aParker, Vic (compilador) _926203 |
||
| 700 |
_aCaballero, Samantha (traducción) _924667 |
||
| 942 |
_2ddc _cLIBROS |
||
| 945 |
_anom _d2019-04-11 |
||